Business Communication (Record no. 53522)

000 -LEADER
fixed length control field 00431nam a2200181Ia 4500
003 - CONTROL NUMBER IDENTIFIER
control field OSt
005 - DATE AND TIME OF LATEST TRANSACTION
control field 20260402165847.0
008 - FIXED-LENGTH DATA ELEMENTS--GENERAL INFORMATION
fixed length control field 260330s9999 xx 000 0 und d
020 ## - INTERNATIONAL STANDARD BOOK NUMBER
International Standard Book Number 9780198077053
040 ## - CATALOGING SOURCE
Transcribing agency 0
082 ## - DEWEY DECIMAL CLASSIFICATION NUMBER
Classification number 658.45
Item number MEE/B
100 ## - MAIN ENTRY--PERSONAL NAME
Personal name Meenakshi, Raman
245 #0 - TITLE STATEMENT
Title Business Communication
250 ## - EDITION STATEMENT
Edition statement 2nd
260 ## - PUBLICATION, DISTRIBUTION, ETC.
Place of publication, distribution, etc. New Delhi
Name of publisher, distributor, etc. Oxford University Press
Date of publication, distribution, etc. 2025
300 ## - PHYSICAL DESCRIPTION
Extent 650p.
942 ## - ADDED ENTRY ELEMENTS (KOHA)
Koha item type Book
Source of classification or shelving scheme
Holdings
Withdrawn status Lost status Damaged status Not for loan Collection code Permanent Location Current Location Date acquired Cost, normal purchase price Full call number Barcode Date last seen Price effective from Koha item type
        School of Management (Noida) MUIT-NOIDA MUIT-NOIDA 2026-03-30 905.00 658.45 MEE/B SOM00895 2026-03-30 2026-03-30 Book

All Rights Reserved@MUIT

Powered by Koha